All European Premier League Players - Statistics

General Stats
  • This quiz has been taken 57 times
  • The average score is 47 of 86
Answer Stats
Club Nation Pos Former Club Answer % Correct
Arsenal Norway MID Real Madrid Martin Odegaard
96%
Arsenal Ukraine DEF Man City Oleksandr Zinchenko
96%
Man City Norway ATT Dortmund Erling Haaland
91%
Arsenal Scotland DEF Celtic Kieran Tierney
89%
Liverpool Hungary MID Leipzig Dominik Szoboszlai
87%
Man City Croatia MID Chelsea Mateo Kovacic
87%
Man United Sweden DEF Benfica Victor Lindelof
87%
Newcastle Sweden ATT Real Sociedad Alexander Isak
85%
Liverpool Scotland DEF Hull City Andrew Robertson
85%
Arsenal Poland DEF Spezia Jakub Kiwior
85%
Spurs Sweden ATT Juventus Dejan Kulusevski
81%
Man United Northern Ireland DEF West Brom Jonny Evans
81%
Man City Croatia DEF Leipzig Josko Gvardiol
79%
Liverpool Greece DEF Olympiacos Kostas Tsimikas
79%
Man City Switzerland DEF Dortmund Manuel Akanji
79%
Chelsea Ukraine ATT Shakhtar Mykhailo Mudryk
79%
Spurs Wales ATT Nottingham Brennan Johnson
77%
Aston Villa Scotland MID Hibernian John McGinn
77%
Newcastle Slovakia GK Sparta Prague Martin Dubravka
77%
Aston Villa Poland DEF Nottingham Matty Cash
74%
West Ham Czech Rep MID Slavia Prague Tomas Soucek
74%
Everton Albania ATT Chelsea Armando Broja
72%
Spurs Wales DEF Swansea City Ben Davies
72%
Nottingham Sweden ATT Man United Anthony Elanga
70%
Liverpool Northern Ireland DEF Youth Conor Bradley
70%
Newcastle Switzerland DEF Deportivo Coruna Fabian Schar
70%
Liverpool Ireland GK Youth Caoimhin Kelleher
68%
Man City Norway ATT Youth Oscar Bobb
68%
Spurs Romania DEF Genoa Radu Dragusin
68%
Aston Villa Sweden GK Roma Robin Olsen
68%
Everton Bosnia GK QPR Asmir Begovic
66%
Brighton Ireland ATT Bohemians Evan Ferguson
66%
West Ham Poland GK Swansea City Lukasz Fabianski
66%
Bournemouth Hungary DEF AZ Milos Kerkez
64%
West Ham Czech Rep DEF Slavia Prague Vladimir Coufal
64%
West Ham Greece DEF Stuttgart Kontantinos Mavropanos
62%
Everton Ukraine DEF Dynamo Kyiv Vitaliy Mykolenko
62%
Man United Turkey GK Fenerbahce Altay Bayindir
60%
Fulham Wales MID Liverpool Harry Wilson
60%
Nottinghan Wales DEF Liverpool Neco Williams
58%
Bournemouth Turkey ATT Getafe Enes Unal
57%
Brighton Turkey DEF Fenerbahce Ferdi Kadioglu
57%
Ipswich Town Kosovo GK Burnley Arijanet Muric
55%
Southampton Poland DEF Lech Poznan Jan Bednarek
55%
Wolves Norway ATT Celta Jorgen Strand Larsen
55%
Wolves Ireland DEF Atletico Madrid Matt Doherty
55%
Bournemouth Ukraine DEF Dynamo Kyiv Ilya Zabarnyi
53%
Fulham Norway MID Burnley Sander Berge
53%
Everton Ireland DEF Sligo Rovers Seamus Coleman
53%
Brighton Poland MID Lech Poznan Jakub Moder
51%
Nottingham Serbia DEF Fiorentina Nikola Milenkovic
49%
Newcastle Greece GK Nottingham Odysseas Vlachodimos
49%
Leicester City Wales GK Liverpool Danny Ward
47%
Brentford Norway DEF Celtic Kristoffer Ajer
45%
Spurs Sweden MID Djurgarden Lucas Bergvall
45%
Brentford Ireland DEF Wolves Nathan Collins
45%
Fulham Serbia MID Torino Sasa Lukic
45%
Everton Ireland DEF Lyon Jake O'Brien
43%
Fulham Scotland MID Blackburn Rovers Tom Cairney
43%
Newcastle Sweden DEF Amiens Emil Krafth
42%
Ipswich Town Sweden MID Napoli Jens Cajuste
42%
Brentford Scotland DEF Bologna Aaron Hickey
40%
Southampton Ireland GK Man City Gavin Bazunu
40%
Bournemouth Scotland MID Celtic Ryan Christie
40%
Bournemouth Wales ATT Sheffield Utd David Brooks
38%
Wolves Austria ATT Stuttgart Sasa Kalajdzic
36%
Bournemouth Ireland GK Youth Mark Travers
34%
Ipswich Town Ireland MID Blackburn Rovers Sammie Szmodics
34%
Everton Scotland DEF Rangers Nathan Patterson
32%
Ipswich Town Ireland DEF Burnley Dara O'Shea
28%
Ipswich Town Ireland ATT Luton Town Chiedozie Ogbene
26%
Aston Villa Serbia DEF Red Star Kosta Nedeljkovic
26%
Southampton Ireland MID Youth Will Smallbone
26%
Southampton Scotland MID Newcastle Ryan Fraser
23%
Brentford Ukraine MID Dnipro-1 Yehor Yarmoliuk
23%
Ipswich Town Wales ATT Fleetwood Wes Burns
21%
Brighton Sweden MID AIK Yasin Ayari
21%
Southampton Ireland DEF Swansea City Ryan Manning
19%
Ipswich Town Wales ATT Everton Nathan Broadhead
17%
Wolves Wales GK Northampton Tom King
17%
Nottingham Ireland DEF Norwich City Andrew Omobamidele
15%
Brentford Turkey MID Sivasspor Yunus Konak
15%
Brentford Iceland GK Elfsborg Hakon Valdimarsson
13%
Southampton Scotland ATT Sunderland Ross Stewart
13%
Ipswich Town Ireland MID Peterborough Jack Taylor
11%
Ipswich Town Scotland GK Man City Cieran Slicker
9%
No matching quizzes found
Score Distribution
Percent of People with Each Score
Percentile by Number Answered
Your Score History
You have not taken this quiz